Connections two. Student’s book. Inglés 2 Secundaria.

Guardado en:
Detalles Bibliográficos
Autor principal: Barea, Cecilia (autor)
Formato: Libro
Idioma:Español
Edición:3a edición
Temas:
Etiquetas: Agrega una etiqueta
Sin etiquetas, Sé el primero en etiquetar este registro!

MARC

LEADER 00000nam^a2200000^u^4500
001 000531176
005 20250521000000.0
008 070316s1000^^^^^^^^^^^^r^^^^^000^0^spa^d
009 20260310130846.814
022 |a 9789706772671 
035 |a FCE 000075424 
037 |a Acervo ITESO - Biblioteca 
041 |a spa 
082 0 4 |a 373.6521  |b BARc 
100 |a Barea, Cecilia  |e (autor) 
245 1 0 |a Connections two. Student’s book. Inglés 2 Secundaria. 
250 |a 3a edición 
264 |a México :  |b Editorial Nuevo México,  |c 2008. 
300 |a 208 p. :  |b il. 
336 |a texto  |b txt  |2 rdacontenido 
337 |a sin mediación  |b n  |2 rdamedio 
338 |a volumen  |b nc  |2 rdasoporte 
596 |a Incluye CD Audio disponible en CD 531. 
649 |a XX 
650 |a Lengua inglesa 
650 |a Estudio y enseñanza 
650 |a Libros de texto 
650 |a Educación secundaria 
910 |a Fondo Centro de Estudios Educativos 
920 |a Impresos - Libros 
930 |a Fondos Especiales 
905 |a 133 
901 |a ALE072955  |b IT2  |c CEE  |u 20250521 
902 |a https://opac.biblio.iteso.mx/vufind/Record/000531176